Bài giảng trắc lượng
Gardado en:
| Autor Principal: | |
|---|---|
| Formato: | Libro |
| Idioma: | Undetermined |
| Publicado: |
Cần Thơ
Trường Đại Học Cần Thơ - Khoa Công Nghệ
1999
|
| Những chủ đề: | |
| Các nhãn: |
Engadir etiqueta
Sen Etiquetas, Sexa o primeiro en etiquetar este rexistro!
|
| Thư viện lưu trữ: | Trung tâm Học liệu Trường Đại học Cần Thơ |
|---|
| LEADER | 00653nam a2200181Ia 4500 | ||
|---|---|---|---|
| 001 | CTU_34858 | ||
| 008 | 210402s9999 xx 000 0 und d | ||
| 082 | |a 526.307 | ||
| 082 | |b T527gt | ||
| 100 | |a Bùi Quang Tuyến | ||
| 245 | 0 | |a Bài giảng trắc lượng | |
| 245 | 0 | |c Bùi Quang Tuyến | |
| 260 | |a Cần Thơ | ||
| 260 | |b Trường Đại Học Cần Thơ - Khoa Công Nghệ | ||
| 260 | |c 1999 | ||
| 650 | |a geodesy - outlines, syllabi, etc,geodesy - study and teaching,mathematical geography,surveying - outlines, syllabi, etc | ||
| 904 | |i Minh, 000112 | ||
| 980 | |a Trung tâm Học liệu Trường Đại học Cần Thơ | ||